000 00486nam a2200169Ia 4500
008 230714s9999 xx 000 0 und d
041 _aeng
082 _a629.8
_bJAI
100 _aJairath A.K.
245 _aProblems & Solutions Of Control Systems:
_bWith Essential Theory
250 _a5th
260 _c2009
_bCBS publication
300 _a544
_dRef 610 I (32780)
365 _cRs.
_b250.00
700 _aJairath A.K.
906 _dO:0013103-Jul-2009B:213429-Jun-2009
_cME INS
_b500
999 _c197202
_d197202